| 000 | 00778nam a22002177a 4500 | ||
|---|---|---|---|
| 999 |
_c16697 _d16697 |
||
| 003 | AR-CdUCM | ||
| 008 | 190405b ||||| |||| 00| 0 spa d | ||
| 040 |
_aMUNICIPALIDAD PROVINCIAL DEL CUSCO _cBIBLIOTECA MUNICIPAL DEL CUSCO |
||
| 082 |
_a301.94 / _bP79 / 1934 |
||
| 100 |
_aPosada, Adolfo _929917 |
||
| 245 | _aSociología contemporánea / | ||
| 260 |
_aMadrid : _bCalpe, _c1934. |
||
| 300 |
_a187 páginas ; _c16 cm. |
||
| 440 |
_aManual - Gallach _936291 |
||
| 505 | _aContenido : El origen y el empleo de la palabra "sociología" -- La sociología y las ciencias sociales -- Un ensayo de filosofía de las ciencias sociales ... | ||
| 650 |
_aFilosofia _9395 |
||
| 650 |
_aCiencia _92098 |
||
| 650 |
_aSocial _92020 |
||
| 942 |
_2ddc _cLIBROS |
||
| 945 |
_arah _d04/05/2019 |
||